| 000 | 00438cam a2200181ua 4500 | ||
|---|---|---|---|
| 001 | 7312 | ||
| 008 | 141206n ii |||gr||||Z||||||ben | ||
| 040 | _cMAIN | ||
| 041 | _aben | ||
| 082 | _a782.42 | ||
| 100 |
_aTagore, R., _eAuthor. |
||
| 245 |
_aGeetbitan : _bAkhanda sangskaran / _cBy Rabindranath Tagore . |
||
| 250 | _a1st. | ||
| 260 |
_aCalcutta: _bChatterji, _c2005. |
||
| 300 | _a659p. | ||
| 653 | _aBengali songs | ||
| 942 | _cBK | ||
| 999 |
_c6437 _d6437 |
||